000 00417cam a22001337a 4500
008 180718b1963 xxu||||| |||| 00| 0 eng d
082 _aL28x54 In2c
100 _aIndia. Central Excise Reorganisation Committee
245 _aReport of the Central Excise Reorganisation Committee, 1963
260 _aDelhi
_bThe author
_c1963
300 _a369+p.
500 _aChairman: A.K. Chanda
700 _aChanda, A.K. (Chairman)
999 _c489506
_d489506